[Event "4NCL/Div4/ANGA vs. HAL"]
[Site "Nottingham ENG"]
[Date "2007.03.25"]
[Round "8.6"]
[White "Uddin, Moin"]
[Black "Gray, Mark S"]
[Result "0-1"]
[WhiteElo "1835"]
[BlackElo "2083"]
[PlyCount "84"]
[EventDate "2007.03.25"]
[EventType "team"]
[EventRounds "11"]
[EventCountry "ENG"]
[WhiteTeam "Halesowen"]
[BlackTeam "Ang Avengers"]

1. d4 Nf6 2. c4 e6 3. Nc3 d5 4. Bg5 Be7 5. Nf3 O-O 6. e3 h6 7. Bh4 b6 8. Be2
dxc4 9. Bxc4 Bb7 10. O-O Ne4 11. Bxe7 Qxe7 12. Nxe4 Bxe4 13. Bd3 Bxd3 14. Qxd3
Nd7 15. Rfc1 c5 16. Qa3 Rfd8 17. dxc5 Nxc5 18. b4 Nd3 19. Rcb1 a5 20. Nd4 Nxb4
21. Qb3 Qg5 22. a3 Nd5 23. Rc1 a4 24. Qb5 Ra5 25. Qe2 Rc5 26. Rxc5 bxc5 27. Nf3
Qf6 28. Rc1 Rb8 29. Qc4 Qb2 30. Qxc5 Rb3 31. Nd4 Rxa3 32. h3 Rc3 33. Rxc3 Nxc3
34. Qc6 a3 35. Nxe6 Ne2+ 36. Kh2 Qe5+ 37. f4 Qxe6 38. Qa8+ Kh7 39. Qxa3 Qg6 40.
g4 Qc2 41. Kh1 Qe4+ 42. Kh2 Qf3 0-1

[Event "4NCL/Div4/OXF2 vs. PAND"]
[Site "Nottingham ENG"]
[Date "2007.03.25"]
[Round "8.1"]
[White "Dickinson, Timothy R"]
[Black "Hammond, Andrew J C"]
[Result "0-1"]
[WhiteElo "2210"]
[BlackElo "2208"]
[PlyCount "36"]
[EventDate "2007.03.25"]
[EventType "team"]
[EventRounds "11"]
[EventCountry "ENG"]
[WhiteTeam "Oxford 2"]
[BlackTeam "Pandoras Box"]

1. e4 c5 2. Nf3 e6 3. c3 Nf6 4. e5 Nd5 5. d4 cxd4 6. cxd4 b6 7. Bd3 Ba6 8. Be4
Nc6 9. Nc3 Nxc3 10. bxc3 Rc8 11. Qa4 Na5 12. Bb2 b5 13. Qc2 b4 14. a3 bxc3 15.
Bxc3 Qc7 16. Bxa5 Qxa5+ 17. Qd2 Rc3 18. Ng1 Bb4 0-1

[Event "4NCL/Div4/OXF2 vs. PAND"]
[Site "Nottingham ENG"]
[Date "2007.03.25"]
[Round "8.2"]
[White "Dilley, Jason M"]
[Black "Hackett, David G"]
[Result "1/2-1/2"]
[WhiteElo "2205"]
[BlackElo "2150"]
[PlyCount "44"]
[EventDate "2007.03.25"]
[EventType "team"]
[EventRounds "11"]
[EventCountry "ENG"]
[WhiteTeam "Pandoras Box"]
[BlackTeam "Oxford 2"]

1. d4 Nf6 2. Bg5 e6 3. e4 Be7 4. Bxf6 Bxf6 5. e5 Be7 6. Qg4 Bf8 7. Bd3 c5 8.
dxc5 Nc6 9. Nf3 Qa5+ 10. Nc3 Qxc5 11. Qf4 Qb4 12. Qd2 Qa5 13. Nb5 Qxd2+ 14.
Kxd2 Bb4+ 15. c3 Ba5 16. b4 Bb6 17. Nd6+ Ke7 18. b5 Nd8 19. Ng5 f6 20. Nxh7 Bc7
21. f4 Bxd6 22. exd6+ Kxd6 1/2-1/2

[Event "4NCL/Div4/OXF2 vs. PAND"]
[Site "Nottingham ENG"]
[Date "2007.03.25"]
[Round "8.3"]
[White "Scott, David A"]
[Black "Woolley, Jos"]
[Result "1/2-1/2"]
[WhiteElo "2110"]
[BlackElo "2091"]
[PlyCount "152"]
[EventDate "2007.03.25"]
[EventType "team"]
[EventRounds "11"]
[EventCountry "ENG"]
[WhiteTeam "Oxford 2"]
[BlackTeam "Pandoras Box"]

1. Nf3 d5 2. c4 c6 3. cxd5 cxd5 4. d4 Nc6 5. Nc3 Nf6 6. Bf4 Bf5 7. e3 e6 8. Ne5
Nd7 9. Nxc6 bxc6 10. Bd3 Qb6 11. Rb1 Bxd3 12. Qxd3 c5 13. dxc5 Nxc5 14. Qe2 Bd6
15. Bxd6 Qxd6 16. O-O O-O 17. b4 Nd7 18. Nb5 Qa6 19. Nd4 Qxe2 20. Nxe2 Nb6 21.
Rfc1 Nc4 22. b5 Rfc8 23. Nd4 Kf8 24. Nc6 a6 25. a4 axb5 26. axb5 Na3 27. b6
Nxb1 28. b7 Nd2 29. g3 Rab8 30. bxc8=Q+ Rxc8 31. Rd1 Nf3+ 32. Kg2 Nh4+ 33. Kh3
Rxc6 34. Kxh4 Rc2 35. Rf1 Ke7 36. Kg4 f5+ 37. Kf3 g5 38. h3 h5 39. Ra1 g4+ 40.
hxg4 hxg4+ 41. Kg2 Rc6 42. Kf1 Kd6 43. Ra8 Ke5 44. Ra4 Rc4 45. Ra6 Ke4 46. Kg2
e5 47. Re6 Rc1 48. Re8 Rd1 49. Re7 d4 50. exd4 Rxd4 51. Re8 Rd5 52. Rg8 Kd3 53.
Rf8 e4 54. Ra8 Kc2 55. Ra2+ Kb1 56. Ra8 Rd3 57. Ra5 Rf3 58. Rc5 Kb2 59. Rc8 e3
60. fxe3 Rxe3 61. Rc5 Rf3 62. Rc7 Rc3 63. Rf7 Rc2+ 64. Kg1 Rc5 65. Ra7 Kc3 66.
Ra4 Kd3 67. Rf4 Ke3 68. Kg2 Rd5 69. Kh2 Ke2 70. Kg2 Re5 71. Rf2+ Ke1 72. Rf1+
Kd2 73. Rf4 Kd3 74. Kh2 Ke3 75. Kg2 Ra5 76. Kh2 Rd5 1/2-1/2

[Event "4NCL/Div4/OXF2 vs. PAND"]
[Site "Nottingham ENG"]
[Date "2007.03.25"]
[Round "8.4"]
[White "Coates, David"]
[Black "Rawlinson, Christopher J"]
[Result "1/2-1/2"]
[WhiteElo "2055"]
[BlackElo "2053"]
[PlyCount "34"]
[EventDate "2007.03.25"]
[EventType "team"]
[EventRounds "11"]
[EventCountry "ENG"]
[WhiteTeam "Pandoras Box"]
[BlackTeam "Oxford 2"]

1. e4 e6 2. d4 d5 3. e5 c5 4. c3 Nc6 5. Nf3 Qb6 6. a3 c4 7. Nbd2 f6 8. Be2 fxe5
9. Nxe5 Nxe5 10. dxe5 Bc5 11. O-O Ne7 12. b4 cxb3 13. Nxb3 Nc6 14. Bf4 O-O 15.
Bg3 Be7 16. Bd3 Bd8 17. Qh5 g6 1/2-1/2

[Event "4NCL/Div4/OXF2 vs. PAND"]
[Site "Nottingham ENG"]
[Date "2007.03.25"]
[Round "8.5"]
[White "Ludbrook, Matt"]
[Black "Birtwhistle, Nigel"]
[Result "0-1"]
[WhiteElo "2058"]
[BlackElo "2105"]
[PlyCount "64"]
[EventDate "2007.03.25"]
[EventType "team"]
[EventRounds "11"]
[EventCountry "ENG"]
[WhiteTeam "Oxford 2"]
[BlackTeam "Pandoras Box"]

1. e4 g6 2. Nc3 Bg7 3. d3 a6 4. Be3 d6 5. Qd2 Nd7 6. Be2 c5 7. f4 b5 8. Bf3 Bb7
9. Qf2 Rc8 10. Nge2 e6 11. g4 Ne7 12. Ng3 b4 13. Nd1 d5 14. h4 Nc6 15. Ne2 dxe4
16. Bxe4 Nf6 17. Bf3 Na5 18. Bxb7 Nxb7 19. Qf3 Qd5 20. Qxd5 Nxd5 21. Bf2 O-O
22. g5 Nd6 23. h5 c4 24. h6 Bh8 25. d4 Nf5 26. Rh3 Rfd8 27. a3 a5 28. axb4 axb4
29. Ra5 Ra8 30. Rc5 Rdc8 31. Kd2 Nd6 32. Ne3 Ne4+ 0-1

[Event "4NCL/Div4/OXF2 vs. PAND"]
[Site "Nottingham ENG"]
[Date "2007.03.25"]
[Round "8.6"]
[White "McCarthy, Kevin"]
[Black "Bruce, Dave"]
[Result "1/2-1/2"]
[WhiteElo "2055"]
[BlackElo "2025"]
[PlyCount "27"]
[EventDate "2007.03.25"]
[EventType "team"]
[EventRounds "11"]
[EventCountry "ENG"]
[WhiteTeam "Pandoras Box"]
[BlackTeam "Oxford 2"]

1. d4 Nf6 2. Nf3 g6 3. Bf4 Bg7 4. e3 d6 5. h3 O-O 6. Be2 b6 7. Nbd2 c5 8. c3
Bb7 9. O-O Nbd7 10. c4 Qc7 11. d5 Rae8 12. Bh2 e6 13. e4 e5 14. Ne1 1/2-1/2

[Event "4NCL/Div4/CAMB2 vs. PPA2"]
[Site "Nottingham ENG"]
[Date "2007.03.25"]
[Round "8.1"]
[White "Pickard, Charles"]
[Black "Rosen, Daniel B"]
[Result "1/2-1/2"]
[WhiteElo "2160"]
[BlackElo "2121"]
[PlyCount "37"]
[EventDate "2007.03.25"]
[EventType "team"]
[EventRounds "11"]
[EventCountry "ENG"]
[WhiteTeam "Cambridge Uni 2 "]
[BlackTeam "Poisnd Pawns 2"]

1. Nf3 f5 2. c4 Nf6 3. g3 e6 4. Bg2 Be7 5. O-O O-O 6. Nc3 d5 7. cxd5 exd5 8. d4
Kh8 9. Bg5 c6 10. Ne5 Nbd7 11. Bxf6 Nxf6 12. f3 Be6 13. Nd3 Qb6 14. e3 Rae8 15.
a3 Bd6 16. b4 Bf7 17. Qd2 a6 18. Rac1 Re7 19. Rfe1 1/2-1/2

[Event "4NCL/Div4/CAMB2 vs. PPA2"]
[Site "Nottingham ENG"]
[Date "2007.03.25"]
[Round "8.2"]
[White "Kemp, Paul"]
[Black "Campbell, Mark"]
[Result "1-0"]
[WhiteElo "2103"]
[BlackElo "1975"]
[PlyCount "51"]
[EventDate "2007.03.25"]
[EventType "team"]
[EventRounds "11"]
[EventCountry "ENG"]
[WhiteTeam "Poisnd Pawns 2"]
[BlackTeam "Cambridge Uni 2 "]

1. e4 c5 2. c3 Nf6 3. e5 Nd5 4. d4 cxd4 5. Nf3 e6 6. cxd4 b6 7. Bd3 Bb7 8. O-O
Qc7 9. Nbd2 d6 10. Re1 Nd7 11. Nc4 dxe5 12. Ncxe5 Nxe5 13. dxe5 Be7 14. Bg5
Bxg5 15. Nxg5 h6 16. Bb5+ Ke7 17. Rc1 Qb8 18. Ne4 Qxe5 19. Nc5 Qxb2 20. Bc4
bxc5 21. Rb1 Qd4 22. Rxb7+ Kd6 23. Qb3 Rhf8 24. Bxd5 exd5 25. Qg3+ Kc6 26. Qc7#
1-0

[Event "4NCL/Div4/CAMB2 vs. PPA2"]
[Site "Nottingham ENG"]
[Date "2007.03.25"]
[Round "8.3"]
[White "Spencer, Carl"]
[Black "Day, Tom"]
[Result "1-0"]
[WhiteElo "2030"]
[BlackElo "2094"]
[PlyCount "137"]
[EventDate "2007.03.25"]
[EventType "team"]
[EventRounds "11"]
[EventCountry "ENG"]
[WhiteTeam "Cambridge Uni 2 "]
[BlackTeam "Poisnd Pawns 2"]

1. e4 e6 2. d4 d5 3. Nd2 c5 4. exd5 Qxd5 5. Ngf3 cxd4 6. Bc4 Qc5 7. Qe2 Nc6 8.
O-O Nf6 9. Nb3 Qb6 10. a4 a5 11. Rd1 Bc5 12. Nxc5 Qxc5 13. c3 O-O 14. Nxd4 e5
15. Nb3 Qe7 16. Be3 Re8 17. Bb5 Bg4 18. f3 Bf5 19. Bc5 Qc7 20. Qf2 Nd7 21. Bd6
Qc8 22. Rd2 Re6 23. Re1 Qe8 24. g4 e4 25. gxf5 e3 26. fxe6 exf2+ 27. Kxf2 fxe6
28. Bc4 Kh8 29. Bxe6 Nf6 30. Nc5 b6 31. Nd3 Qh5 32. Nf4 Qh4+ 33. Ke2 Rd8 34.
Ng2 Qg5 35. Kd1 Ne8 36. h4 Qf6 37. Bf4 Rxd2+ 38. Kxd2 Nd6 39. Bd5 Qg6 40. Bxc6
Qxg2+ 41. Kc1 g6 42. Bxd6 Kg7 43. Be5+ Kh6 44. Bd4 Qg3 45. Rg1 Qxh4 46. Kd2
Qh2+ 47. Kd3 g5 48. Be4 Qh3 49. Be3 Kg7 50. Rxg5+ Kf6 51. Rb5 Qf1+ 52. Kd2 Qg2+
53. Ke1 Qh1+ 54. Ke2 h5 55. Rxb6+ Ke7 56. Rb7+ Ke6 57. c4 Qh2+ 58. Bf2 h4 59.
Bd5+ Kd6 60. Rb6+ Kc7 61. Rh6 h3 62. f4 Kd8 63. Rh4 Kc7 64. c5 Kd7 65. Ke3 Ke7
66. Bf3 Kf6 67. c6 Ke7 68. c7 Kd7 69. Rh7+ 1-0

[Event "4NCL/Div4/CAMB2 vs. PPA2"]
[Site "Nottingham ENG"]
[Date "2007.03.25"]
[Round "8.4"]
[White "McCorry, Robert T"]
[Black "Gooding, Ian"]
[Result "1/2-1/2"]
[WhiteElo "2132"]
[BlackElo "2018"]
[PlyCount "89"]
[EventDate "2007.03.25"]
[EventType "team"]
[EventRounds "11"]
[EventCountry "ENG"]
[WhiteTeam "Poisnd Pawns 2"]
[BlackTeam "Cambridge Uni 2 "]

1. d4 d5 2. c4 c6 3. Nf3 Nf6 4. e3 Bf5 5. Nc3 e6 6. Be2 dxc4 7. Bxc4 Be7 8. O-O
O-O 9. h3 h6 10. Qe2 Bh7 11. e4 b5 12. Bd3 b4 13. Na4 Qa5 14. b3 Nbd7 15. Bb2
c5 16. d5 exd5 17. exd5 Bxd3 18. Qxd3 c4 19. Qxc4 Rac8 20. Qd4 Bd6 21. Rac1 Nc5
22. Nxc5 Bxc5 23. Qd2 Ne4 24. Qd3 Rfe8 25. Bd4 Nc3 26. Bxc3 bxc3 27. d6 Red8
28. d7 Rc7 29. Ne5 Bxf2+ 30. Rxf2 Qxe5 31. Rfc2 Rdxd7 32. Qf3 Qd4+ 33. Kh1 Re7
34. Rxc3 Rxc3 35. Qxc3 Qxc3 36. Rxc3 Re2 37. a4 Rb2 38. Rc8+ Kh7 39. Rc7 f5 40.
Rxa7 Rxb3 41. a5 Kg6 42. a6 Ra3 43. Ra8 Kg5 44. Ra7 g6 45. Kg1 1/2-1/2

[Event "4NCL/Div4/CAMB2 vs. PPA2"]
[Site "Nottingham ENG"]
[Date "2007.03.25"]
[Round "8.5"]
[White "Gibbs, Dominic"]
[Black "Winfridsson, Ola"]
[Result "1/2-1/2"]
[WhiteElo "1956"]
[BlackElo "2099"]
[PlyCount "68"]
[EventDate "2007.03.25"]
[EventType "team"]
[EventRounds "11"]
[EventCountry "ENG"]
[WhiteTeam "Cambridge Uni 2 "]
[BlackTeam "Poisnd Pawns 2"]

1. e4 c6 2. d4 d5 3. exd5 cxd5 4. c4 Nf6 5. Nc3 Nc6 6. Bg5 Be6 7. a3 Qd7 8.
Bxf6 exf6 9. c5 g6 10. g3 Bg7 11. Bg2 O-O 12. Nge2 Rae8 13. O-O g5 14. b4 f5
15. b5 Ne7 16. f4 h6 17. Qa4 Ra8 18. Rad1 a6 19. Qb3 axb5 20. Nxb5 Nc6 21. Nd6
b6 22. Bxd5 Bxd5 23. Qxd5 Ne7 24. Qb3 bxc5 25. dxc5 Qc6 26. Qb6 Rxa3 27. Nxf5
Qe4 28. Nxe7+ Qxe7 29. Rde1 Qe3+ 30. Kh1 Re8 31. Ng1 Qxe1 32. Rxe1 Rxe1 33. c6
Rc3 34. fxg5 hxg5 1/2-1/2

[Event "4NCL/Div4/CAMB2 vs. PPA2"]
[Site "Nottingham ENG"]
[Date "2007.03.25"]
[Round "8.6"]
[White "Taylor, Robert K"]
[Black "Kreuzer, Christopher"]
[Result "0-1"]
[WhiteElo "2117"]
[BlackElo "1990"]
[PlyCount "78"]
[EventDate "2007.03.25"]
[EventType "team"]
[EventRounds "11"]
[EventCountry "ENG"]
[WhiteTeam "Poisnd Pawns 2"]
[BlackTeam "Cambridge Uni 2 "]

1. e4 c5 2. Nf3 d6 3. b4 cxb4 4. d4 Nf6 5. Bd3 e6 6. Nbd2 Be7 7. O-O O-O 8. Re1
Nc6 9. Bb2 a6 10. Qe2 Nd7 11. e5 dxe5 12. dxe5 Nc5 13. Nb3 Nxd3 14. cxd3 Qd5
15. Nfd2 b5 16. Nf1 Rd8 17. Red1 Bb7 18. Ne3 Qd7 19. Rac1 Rac8 20. d4 Na7 21.
h3 Rxc1 22. Rxc1 Rc8 23. Rc2 Be4 24. Rxc8+ Qxc8 25. Qe1 Qc6 26. f3 Bd5 27. Nxd5
Qxd5 28. Qe4 Nc6 29. Qxd5 exd5 30. Kf2 a5 31. Ke3 a4 32. Nd2 Na5 33. Bc1 Nc4+
34. Ke2 Bg5 35. Nxc4 Bxc1 36. Na5 b3 37. axb3 a3 38. b4 a2 39. Nb3 Bb2 0-1

[Event "4NCL/Div4/WEA1 vs. LMAO1"]
[Site "Nottingham ENG"]
[Date "2007.03.25"]
[Round "8.1"]
[White "Fraser, Joe P"]
[Black "Crawley, Gavin"]
[Result "0-1"]
[WhiteElo "1972"]
[BlackElo "2403"]
[PlyCount "80"]
[EventDate "2007.03.25"]
[EventType "team"]
[EventRounds "11"]
[EventCountry "ENG"]
[WhiteTeam "W Collective 1"]
[BlackTeam "London Mstrs 1"]

1. e4 c5 2. Nf3 d6 3. d4 cxd4 4. Nxd4 Nf6 5. Nc3 Nc6 6. Be2 g6 7. Be3 Bg7 8.
O-O O-O 9. h3 Bd7 10. Qd2 Nxd4 11. Bxd4 Bc6 12. Bf3 Qa5 13. Rad1 Rfc8 14. Rfe1
Nd7 15. Bxg7 Kxg7 16. Qd4+ Qe5 17. Bg4 Rc7 18. f4 Qxd4+ 19. Rxd4 Nc5 20. g3 h5
21. Bf3 h4 22. Kg2 Rh8 23. Re2 b6 24. Nd5 Rd7 25. c4 e5 26. Rd1 hxg3 27. Bg4 f5
28. exf5 gxf5 29. Bxf5 Rf7 30. b4 Rxf5 31. bxc5 exf4 32. Re7+ Kf8 33. Rc7 Bxd5+
34. cxd5 bxc5 35. Rb1 Kg8 36. Rbb7 Rh6 37. Rg7+ Kh8 38. Kf3 a5 39. a4 Rxh3 40.
Rgd7 Rf8 0-1

[Event "4NCL/Div4/WEA1 vs. LMAO1"]
[Site "Nottingham ENG"]
[Date "2007.03.25"]
[Round "8.2"]
[White "Poobalasingam, Peter"]
[Black "Tucker, Andrew L"]
[Result "1-0"]
[WhiteElo "2089"]
[BlackElo "1956"]
[PlyCount "75"]
[EventDate "2007.03.25"]
[EventType "team"]
[EventRounds "11"]
[EventCountry "ENG"]
[WhiteTeam "London Mstrs 1"]
[BlackTeam "W Collective 1"]

1. d4 Nf6 2. c4 g6 3. Nc3 d5 4. cxd5 Nxd5 5. e4 Nxc3 6. bxc3 Bg7 7. Bc4 c5 8.
Ne2 O-O 9. O-O Nc6 10. Be3 Bg4 11. f3 Na5 12. Bd3 cxd4 13. cxd4 Be6 14. d5 Bd7
15. Rb1 b6 16. f4 e6 17. d6 e5 18. fxe5 Bxe5 19. Bf4 Nc6 20. Bb5 Bxf4 21. Nxf4
Ne5 22. Nd5 Bxb5 23. Nf6+ Kg7 24. Rxb5 Nd7 25. e5 Nxf6 26. exf6+ Kh8 27. Qd2
Re8 28. Qh6 Rg8 29. Rb3 Qf8 30. Qf4 Rd8 31. Rh3 g5 32. Qe4 Rg6 33. Qe7 g4 34.
Re3 Rg8 35. d7 g3 36. Rxg3 Rxg3 37. hxg3 Kg8 38. Rc1 1-0

[Event "4NCL/Div4/WEA1 vs. LMAO1"]
[Site "Nottingham ENG"]
[Date "2007.03.25"]
[Round "8.3"]
[White "Grant, David"]
[Black "Seymour, Timothy P"]
[Result "1-0"]
[WhiteElo "1920"]
[BlackElo "2067"]
[PlyCount "91"]
[EventDate "2007.03.25"]
[EventType "team"]
[EventRounds "11"]
[EventCountry "ENG"]
[WhiteTeam "W Collective 1"]
[BlackTeam "London Mstrs 1"]

1. Nf3 f5 2. d4 Nf6 3. e3 g6 4. Bd3 Bg7 5. O-O O-O 6. Nbd2 d6 7. b3 Nc6 8. Bb2
Nh5 9. a3 e5 10. Bc4+ d5 11. Be2 e4 12. Ne5 Nf6 13. Nxc6 bxc6 14. g3 g5 15. f4
exf3 16. Bxf3 Ne4 17. Nxe4 fxe4 18. Be2 c5 19. a4 cxd4 20. Bxd4 Rxf1+ 21. Bxf1
c5 22. Bxc5 Bxa1 23. Qxa1 Qc7 24. Qd4 Qf7 25. Qe5 Qf5 26. Qd6 Be6 27. Qe7 h6
28. Bd4 Qf7 29. Qb4 Rf8 30. Bg2 Qf2+ 31. Kh1 Qxc2 32. h3 Qc8 33. Bc3 Kh7 34.
Qd4 Rf7 35. Kh2 Qb8 36. b4 h5 37. Kh1 h4 38. g4 Kh6 39. a5 Qf8 40. Kg1 Qb8 41.
b5 Bxg4 42. hxg4 h3 43. Qxd5 Qc7 44. Qe6+ Kh7 45. Bxe4+ Kg8 46. Qe8+ 1-0

[Event "4NCL/Div4/WEA1 vs. LMAO1"]
[Site "Nottingham ENG"]
[Date "2007.03.25"]
[Round "8.4"]
[White "Walker, Samuel"]
[Black "Salimbeni, George"]
[Result "1-0"]
[WhiteElo "1910"]
[BlackElo "1890"]
[PlyCount "87"]
[EventDate "2007.03.25"]
[EventType "team"]
[EventRounds "11"]
[EventCountry "ENG"]
[WhiteTeam "London Mstrs 1"]
[BlackTeam "W Collective 1"]

1. c4 Nf6 2. g3 g6 3. Bg2 d5 4. cxd5 Nxd5 5. d4 Bg7 6. Nc3 Nxc3 7. bxc3 c5 8.
Qa4+ Nd7 9. Rb1 Qc7 10. Nf3 O-O 11. Bf4 e5 12. dxe5 Nxe5 13. O-O Nxf3+ 14. Bxf3
Be5 15. Be3 a6 16. Qc4 Bd6 17. Rfd1 Re8 18. Qd5 Be7 19. Bf4 Qa5 20. Qe5 f6 21.
Bd5+ Kg7 22. Qe3 g5 23. Bd6 Qd8 24. Bxc5 Bd6 25. Qd4 Be5 26. Qd3 Qc7 27. Bd4
Rb8 28. Be4 Bxd4 29. cxd4 Kh8 30. Bg2 b5 31. Rbc1 Qe7 32. e4 Bb7 33. d5 Qd6 34.
Bh3 Bc8 35. Rc6 Qe5 36. Bg2 a5 37. Rdc1 Bd7 38. Rc7 Qd6 39. Qd4 a4 40. Qa7 Rbd8
41. R1c6 Qe7 42. Re6 Qf8 43. Rxd7 Rxd7 44. Qxd7 1-0

[Event "4NCL/Div4/WEA1 vs. LMAO1"]
[Site "Nottingham ENG"]
[Date "2007.03.25"]
[Round "8.5"]
[White "Cumming, Rhys"]
[Black "Harrington, James"]
[Result "0-1"]
[WhiteElo "1845"]
[BlackElo "1905"]
[PlyCount "52"]
[EventDate "2007.03.25"]
[EventType "team"]
[EventRounds "11"]
[EventCountry "ENG"]
[WhiteTeam "W Collective 1"]
[BlackTeam "London Mstrs 1"]

1. e4 e6 2. d4 d5 3. e5 c5 4. c3 Nc6 5. Nf3 Nge7 6. Na3 cxd4 7. cxd4 Nf5 8. Nc2
Qb6 9. Be2 Bd7 10. O-O Rc8 11. b3 Be7 12. Bb2 O-O 13. Bd3 Nb4 14. Nxb4 Bxb4 15.
g4 Ne7 16. a3 Bc3 17. Bxh7+ Kh8 18. Bxc3 Rxc3 19. Bc2 Rfc8 20. Ne1 Bb5 21. Bd3
Bxd3 22. Nxd3 Qxd4 23. Ne1 Qxe5 24. Ng2 Rh3 25. f4 Qe4 26. b4 Rc2 0-1

[Event "4NCL/Div4/WEA1 vs. LMAO1"]
[Site "Nottingham ENG"]
[Date "2007.03.25"]
[Round "8.6"]
[White "Walker, Colin M"]
[Black "Woods, Tim"]
[Result "0-1"]
[WhiteElo "1910"]
[BlackElo "1860"]
[PlyCount "78"]
[EventDate "2007.03.25"]
[EventType "team"]
[EventRounds "11"]
[EventCountry "ENG"]
[WhiteTeam "London Mstrs 1"]
[BlackTeam "W Collective 1"]

1. c4 g6 2. g3 Bg7 3. Bg2 d6 4. Nc3 e5 5. e4 Nc6 6. Nge2 f5 7. d3 Nf6 8. f4 O-O
9. O-O Be6 10. Nd5 Qd7 11. Nec3 fxe4 12. Nxf6+ Bxf6 13. Nxe4 Bg7 14. Rb1 Bg4
15. Qe1 Nd4 16. Nc3 c6 17. Be3 Rae8 18. Qd2 exf4 19. Bxf4 Ne2+ 20. Kh1 Nxc3 21.
bxc3 Re2 22. Qc1 Rxg2 23. Kxg2 Bh3+ 24. Kh1 Bxf1 25. Qe3 Bh3 26. Qxa7 Qg4 27.
Qe3 Be5 28. Bxe5 dxe5 29. Kg1 Qf3 30. Qxf3 Rxf3 31. Rd1 Kf7 32. a3 Ke6 33. d4
exd4 34. cxd4 Rxa3 35. Kf2 Ra2+ 36. Kf3 h5 37. Re1+ Kd6 38. Kf4 Rxh2 39. Re8
Rc2 0-1

[Event "4NCL/Div4/KSP vs. WEA2"]
[Site "Nottingham ENG"]
[Date "2007.03.25"]
[Round "8.1"]
[White "Healey, Michael"]
[Black "Bayliss, Lyall C P"]
[Result "1-0"]
[WhiteElo "2012"]
[BlackElo "2000"]
[PlyCount "55"]
[EventDate "2007.03.25"]
[EventType "team"]
[EventRounds "11"]
[EventCountry "ENG"]
[WhiteTeam "King supp Pawn"]
[BlackTeam "W Collective 2"]

1. e4 e5 2. Nf3 Nc6 3. Bb5 a6 4. Bxc6 dxc6 5. O-O Bd6 6. d4 exd4 7. Qxd4 f6 8.
e5 fxe5 9. Nxe5 Qf6 10. f4 Ne7 11. Nc3 Nf5 12. Qf2 Qe7 13. Nd3 O-O 14. Bd2 Qh4
15. g3 Qh3 16. Ne4 Nh6 17. Ng5 Qh5 18. Bc3 Ng4 19. Qe2 Re8 20. Ne5 h6 21. Ne4
Bf5 22. h4 Bxe4 23. Qxe4 Nxe5 24. fxe5 Bc5+ 25. Kg2 Rad8 26. Rf5 g5 27. e6 Rd6
28. Qe5 1-0

[Event "4NCL/Div4/KSP vs. WEA2"]
[Site "Nottingham ENG"]
[Date "2007.03.25"]
[Round "8.2"]
[White "Lunn, Matt"]
[Black "Carpenter, Dai"]
[Result "1/2-1/2"]
[WhiteElo "1865"]
[BlackElo "2030"]
[PlyCount "41"]
[EventDate "2007.03.25"]
[EventType "team"]
[EventRounds "11"]
[EventCountry "ENG"]
[WhiteTeam "W Collective 2"]
[BlackTeam "King supp Pawn"]

1. d4 g6 2. c4 Bg7 3. e4 d6 4. Nf3 Nd7 5. Nc3 e5 6. d5 Ne7 7. Bd3 O-O 8. O-O a5
9. Re1 f5 10. Ng5 Nf6 11. Qc2 f4 12. h4 h6 13. Nf3 Nh7 14. Be2 g5 15. hxg5 hxg5
16. Nh2 Nf6 17. g4 Ng6 18. f3 c6 19. Na4 Nh4 20. Qb3 cxd5 21. cxd5 1/2-1/2

[Event "4NCL/Div4/KSP vs. WEA2"]
[Site "Nottingham ENG"]
[Date "2007.03.25"]
[Round "8.3"]
[White "Davies, Matthew"]
[Black "Jones, William"]
[Result "0-1"]
[WhiteElo "1960"]
[BlackElo "1865"]
[PlyCount "62"]
[EventDate "2007.03.25"]
[EventType "team"]
[EventRounds "11"]
[EventCountry "ENG"]
[WhiteTeam "King supp Pawn"]
[BlackTeam "W Collective 2"]

1. d4 Nf6 2. c4 g6 3. Nc3 Bg7 4. e4 d6 5. Nf3 O-O 6. Be2 e5 7. O-O Nc6 8. d5
Ne7 9. Be3 Nd7 10. Nd2 f5 11. f3 f4 12. Bf2 g5 13. b4 Nf6 14. c5 Ng6 15. Nc4
Rf7 16. a4 Bf8 17. Rc1 Rg7 18. g4 fxg3 19. hxg3 Nf4 20. Be3 N6h5 21. g4 Ng3 22.
Re1 h5 23. cxd6 cxd6 24. Bf2 h4 25. Ne3 Qf6 26. Nf5 Bxf5 27. exf5 Qh6 28. Bf1
Rc8 29. Nb5 Rxc1 30. Qxc1 Nxf1 31. Kxf1 h3 0-1

[Event "4NCL/Div4/KSP vs. WEA2"]
[Site "Nottingham ENG"]
[Date "2007.03.25"]
[Round "8.4"]
[White "Jones, Victor"]
[Black "Spencer, Doug"]
[Result "1-0"]
[WhiteElo "1830"]
[BlackElo "1970"]
[PlyCount "133"]
[EventDate "2007.03.25"]
[EventType "team"]
[EventRounds "11"]
[EventCountry "ENG"]
[WhiteTeam "W Collective 2"]
[BlackTeam "King supp Pawn"]

1. e4 e5 2. Nf3 Nf6 3. d4 Nxe4 4. Bd3 d5 5. Nxe5 Bd6 6. O-O O-O 7. c4 c6 8. Qc2
f6 9. Nf3 f5 10. Nc3 Be6 11. cxd5 cxd5 12. Qb3 Qd7 13. Re1 Nc6 14. Bb5 a6 15.
Bxc6 bxc6 16. Na4 Rab8 17. Qd3 Rb5 18. Nc3 Rb6 19. Ne5 Bxe5 20. dxe5 c5 21. Nd1
Qe7 22. f3 Ng5 23. Qa3 Nf7 24. Qa5 Rfb8 25. b3 Qa7 26. Qd2 d4 27. Ba3 Rc6 28.
Nf2 Qc7 29. Nd3 c4 30. Nb4 Rcb6 31. bxc4 Qxc4 32. Rac1 Qb5 33. Qxd4 Qa4 34. Nc2
Qxd4+ 35. Nxd4 Bxa2 36. Nxf5 Be6 37. Ne7+ Kh8 38. f4 g6 39. Nc6 Rc8 40. Nd4
Rxc1 41. Rxc1 Kg7 42. Be7 Bd5 43. Rc8 h5 44. Rc2 Nh6 45. Bf6+ Rxf6 46. exf6+
Kxf6 47. Rc5 Be4 48. Ra5 Bd3 49. h3 Nf7 50. Nb3 g5 51. fxg5+ Nxg5 52. Nc5 Bc4
53. Nxa6 Kg6 54. Nb4 Be6 55. Nd3 Kf6 56. Nf4 Bf7 57. h4 Ne6 58. Nxe6 Kxe6 59.
Rg5 Kf6 60. Kf2 Be8 61. Kg3 Bg6 62. Rxg6+ Kxg6 63. Kf4 Kf6 64. g3 Kg6 65. Ke5
Kg7 66. Kf5 Kh6 67. Kf6 1-0

[Event "4NCL/Div4/KSP vs. WEA2"]
[Site "Nottingham ENG"]
[Date "2007.03.25"]
[Round "8.5"]
[White "Zhu, Yao Yao"]
[Black "Galliano, Alex"]
[Result "1/2-1/2"]
[WhiteElo "2000"]
[BlackElo "1885"]
[PlyCount "76"]
[EventDate "2007.03.25"]
[EventType "team"]
[EventRounds "11"]
[EventCountry "ENG"]
[WhiteTeam "King supp Pawn"]
[BlackTeam "W Collective 2"]

1. e4 e5 2. Nf3 Nc6 3. d4 exd4 4. Bc4 Nf6 5. e5 d5 6. Bb5 Ne4 7. Nxd4 Bd7 8.
Bxc6 bxc6 9. O-O Bc5 10. c3 O-O 11. Nd2 Nxd2 12. Bxd2 f6 13. Bf4 fxe5 14. Bxe5
Bd6 15. Bg3 Qf6 16. Qd2 a5 17. Rfe1 c5 18. Nf3 c6 19. Bxd6 Qxd6 20. Re3 Rae8
21. Rae1 Rxe3 22. Rxe3 Re8 23. Qe2 Qg6 24. Rxe8+ Bxe8 25. h3 h6 26. Qe7 Qb1+
27. Kh2 Bh5 28. Ne5 Qe4 29. g4 Qe1 30. Kg2 Qe4+ 31. Kg3 Bg6 32. Nxg6 Qxg6 33.
Qxc5 Qd3+ 34. Qe3 Qb1 35. Qe8+ Kh7 36. Qxc6 Qg1+ 37. Kf3 Qh1+ 38. Kg3 Qg1+
1/2-1/2